[Event "Pays de Bray 1st"]
[Site "Gournay en Bray"]
[Date "2023.05.19"]
[Round "7"]
[White "Lefebvre, Herve"]
[Black "Hoeglauer, Patrick"]
[Result "1/2-1/2"]
[WhiteElo "2161"]
[BlackElo "2280"]
[PlyCount "57"]
[EventDate "2023.05.14"]
[EventType "tourn"]
[EventRounds "9"]
[EventCountry "FRA"]
[EventCategory "4"]
[SourceTitle "CBM 214 Extra"]
[Source "ChessBase"]
[SourceDate "2023.07.31"]
[SourceVersion "1"]
[SourceVersionDate "2023.07.31"]
[SourceQuality "1"]

1. d4 Nf6 2. Nf3 e6 3. Bf4 c5 4. e3 b6 5. Nc3 d5 6. Nb5 Na6 7. h3 Be7 8. c3 0-0 9. Bd3 Ne4 10. Qe2 Bb7 11. 0-0 f6 12. Rfd1 Qe8 13. Bxe4 dxe4 14. Nd2 Qc6 15. a4 Kh8 16. Nc4 Rfd8 17. Rac1 Rd7 18. b4 e5 19. dxe5 Rxd1+ 20. Rxd1 cxb4 21. Ncd6 b3 22. Nxb7 Qxb7 23. Qc4 Nc5 24. exf6 Bxf6 25. Nd6 Qe7 26. Nf7+ Kg8 27. Nh6+ Kh8 28. Nf7+ Kg8 29. Nh6+ 1/2-1/2

[Event "Vlissingen HZ op 24th"]
[Site "Vlissingen"]
[Date "2022.08.12"]
[Round "8"]
[White "Smeets, Kobe"]
[Black "Lefebvre, Herve"]
[Result "1-0"]
[WhiteElo "1994"]
[BlackElo "2212"]
[PlyCount "81"]
[EventDate "2022.08.06"]
[EventType "swiss"]
[EventRounds "9"]
[EventCountry "NED"]
[SourceTitle "CBM 209 Extra"]
[Source "ChessBase"]
[SourceDate "2022.09.30"]
[SourceVersion "1"]
[SourceVersionDate "2022.09.30"]
[SourceQuality "1"]

1. e4 c5 2. Nf3 d6 3. d4 cxd4 4. Nxd4 Nf6 5. f3 e5 6. Nb3 d5 7. Bg5 Be6 8. Bxf6 gxf6 9. exd5 Bxd5 10. Nc3 Be6 11. Qxd8+ Kxd8 12. 0-0-0+ Kc8 13. Ne4 Nd7 14. Bb5 Be7 15. Nd6+ Bxd6 16. Rxd6 Kc7 17. Rhd1 Rad8 18. Na5 Nc5 19. Rxd8 Rxd8 20. Rxd8 Kxd8 21. b4 a6 22. Bf1 Na4 23. Nxb7+ Kc7 24. Na5 Nc3 25. a3 f5 26. Bxa6 e4 27. fxe4 fxe4 28. Bc4 Kd6 29. Nb7+ Ke5 30. Bxe6 Kxe6 31. Nc5+ Kd5 32. a4 Na2+ 33. Kd2 Nxb4 34. c3 Nc6 35. Nd7 f5 36. Nf6+ Ke5 37. Nxh7 f4 38. Ke2 Ne7 39. a5 Nd5 40. c4 Nc3+ 41. Ke1 1-0

[Event "Vlissingen HZ op 24th"]
[Site "Vlissingen"]
[Date "2022.08.07"]
[Round "2"]
[White "Skutta, Bernd"]
[Black "Lefebvre, Herve"]
[Result "0-1"]
[WhiteElo "1950"]
[BlackElo "2212"]
[PlyCount "62"]
[EventDate "2022.08.06"]
[EventType "swiss"]
[EventRounds "9"]
[EventCountry "NED"]
[SourceTitle "CBM 209 Extra"]
[Source "ChessBase"]
[SourceDate "2022.09.30"]
[SourceVersion "1"]
[SourceVersionDate "2022.09.30"]
[SourceQuality "1"]

1. d4 Nf6 2. Nf3 d5 3. Bf4 c5 4. c3 e6 5. e3 Nc6 6. Nbd2 Bd6 7. Ne5 Qc7 8. Bb5 0-0 9. Ndf3 Ne4 10. Nxc6 bxc6 11. Bxd6 Qxd6 12. Bd3 Nf6 13. 0-0 Nd7 14. Qa4 c4 15. Bb1 e5 16. e4 exd4 17. Nxd4 Nc5 18. e5 Nxa4 19. exd6 Rd8 20. Nxc6 Rxd6 21. Ne7+ Kf8 22. Nxc8 Rxc8 23. Bf5 Rb8 24. Bc2 Nxb2 25. Rab1 d4 26. cxd4 Rxd4 27. a4 Rd2 28. Bf5 g6 29. Bg4 c3 30. Ra1 c2 31. Ra2 Nd3 0-1

[Event "FRA-chT Top 12"]
[Site "Brest"]
[Date "2019.05.18"]
[Round "1.4"]
[White "Villegas, Pierre"]
[Black "Lefebvre, Herve"]
[Result "1-0"]
[WhiteElo "2354"]
[BlackElo "2291"]
[PlyCount "103"]
[EventDate "2019.05.18"]
[EventType "team-tourn"]
[EventRounds "11"]
[EventCountry "FRA"]
[SourceTitle "CBM 190 Extra"]
[Source "ChessBase"]
[SourceDate "2019.07.15"]
[SourceVersion "1"]
[SourceVersionDate "2019.07.15"]
[SourceQuality "1"]
[WhiteTeam "Monaco"]
[BlackTeam "Gonfreville"]
[WhiteTeamCountry "FRA"]
[BlackTeamCountry "FRA"]

1. Nf3 c5 2. c4 Nc6 3. b3 e5 4. Bb2 d6 5. Nc3 g6 6. g3 Bg7 7. Bg2 Nge7 8. 0-0 Bf5 9. h3 Nd4 10. Nh4 Bc2 11. Qc1 g5 12. Nf3 Nxf3+ 13. Bxf3 Bf5 14. Kh2 Qd7 15. d3 0-0-0 16. Bg2 h5 17. a3 Bh6 18. Qd1 Rdg8 19. b4 f6 20. Rb1 Bxh3 21. Bxh3 g4 22. bxc5 gxh3 23. Ne4 dxc5 24. Nxf6 Qc6 25. Ne4 Ng6 26. e3 h4 27. g4 Rd8 28. Qe2 b6 29. Kxh3 Bf4 30. Bc1 Bh6 31. Nc3 Qe6 32. a4 Rhg8 33. a5 Rxd3 34. Nd5 Qxd5 35. f3 Qd6 36. axb6 axb6 37. Rxb6 Qxb6 38. Qxd3 Qc6 39. Qf5+ Kc7 40. Bb2 Rf8 41. Bxe5+ Nxe5 42. Qxe5+ Qd6 43. Qxd6+ Kxd6 44. f4 Re8 45. Rd1+ Ke6 46. Rd5 Bf8 47. Re5+ Kf7 48. Rxe8 Kxe8 49. Kxh4 Kf7 50. e4 Bg7 51. e5 Ke6 52. Kg3 1-0

[Event "Vlissingen HZ op 22nd"]
[Site "Vlissingen"]
[Date "2018.08.04"]
[Round "1"]
[White "Lefebvre, Herve"]
[Black "Alberts, Henk"]
[Result "1-0"]
[WhiteElo "2304"]
[BlackElo "1757"]
[PlyCount "39"]
[EventDate "2018.08.04"]
[EventType "swiss"]
[EventRounds "9"]
[EventCountry "NED"]
[SourceTitle "CBM 185 Extra"]
[Source "ChessBase"]
[SourceDate "2018.07.29"]
[SourceVersion "1"]
[SourceVersionDate "2018.07.29"]
[SourceQuality "1"]

1. e4 e5 2. Nf3 Nc6 3. d4 exd4 4. Nxd4 Bc5 5. Nb3 Bb6 6. Nc3 Qf6 7. Qe2 Nge7 8. Be3 0-0 9. 0-0-0 Bxe3+ 10. Qxe3 a6 11. f4 d6 12. Be2 Be6 13. g4 h6 14. h4 Bxb3 15. axb3 Rae8 16. g5 Qg6 17. h5 Qe6 18. Bc4 d5 19. Nxd5 Nf5 20. Qf2 1-0

[Event "Cappelle op 32nd"]
[Site "Cappelle la Grande"]
[Date "2016.02.16"]
[Round "5"]
[White "Djukic, Nikola"]
[Black "Lefebvre, Herve"]
[Result "1-0"]
[WhiteElo "2565"]
[BlackElo "2194"]
[PlyCount "73"]
[EventDate "2016.02.13"]
[EventType "swiss"]
[EventRounds "9"]
[EventCountry "FRA"]
[SourceTitle "EXT 2017"]
[Source "ChessBase"]
[SourceDate "2016.10.25"]
[SourceVersion "1"]
[SourceVersionDate "2016.10.25"]
[SourceQuality "1"]

1. d4 d5 2. c4 c6 3. Nc3 Nf6 4. e3 e6 5. Nf3 Nbd7 6. Qc2 Bd6 7. g4 h6 8. Bd2 dxc4 9. Bxc4 b5 10. Be2 Bb7 11. e4 Be7 12. e5 b4 13. Na4 Nd5 14. Nc5 Nxc5 15. dxc5 Qa5 16. Rc1 Qxa2 17. Nd4 Qa5 18. 0-0 Qc7 19. f4 g5 20. Qe4 gxf4 21. Bxf4 0-0-0 22. Bg3 Bg5 23. Ra1 Be3+ 24. Bf2 Bf4 25. Nf3 Kb8 26. Bc4 Rdg8 27. h3 h5 28. Bxd5 hxg4 29. Nd4 gxh3+ 30. Kh1 Bxe5 31. Nxc6+ Bxc6 32. Bxc6 Rg2 33. Bg1 Bd4 34. Rxa7 Qxa7 35. Bxd4 Rhg8 36. Be5+ Kc8 37. Bd7+ 1-0

[Event "Sautron op 15th"]
[Site "Sautron"]
[Date "2015.10.23"]
[Round "3.10"]
[White "Harutyunyan, Safar"]
[Black "Lefebvre, Herve"]
[Result "0-1"]
[WhiteElo "1688"]
[BlackElo "2186"]
[PlyCount "54"]
[EventDate "2015.10.24"]
[EventType "swiss"]
[EventRounds "9"]
[EventCountry "FRA"]
[SourceTitle "EXT 2019"]
[Source "ChessBase"]
[SourceDate "2018.10.10"]
[SourceVersion "1"]
[SourceVersionDate "2018.10.10"]
[SourceQuality "1"]

1. e4 e5 2. Nf3 Nc6 3. Bb5 a6 4. Ba4 Nf6 5. 0-0 Be7 6. Re1 b5 7. Bb3 d6 8. c3 0-0 9. d4 Bg4 10. Be3 exd4 11. cxd4 Na5 12. Nbd2 Nxb3 13. axb3 c5 14. dxc5 dxc5 15. Qc2 Qc7 16. Rec1 Rfc8 17. h3 Bh5 18. b4 c4 19. g4 Bg6 20. g5 Nd5 21. Bd4 Bxb4 22. Be5 Bd6 23. Bxd6 Qxd6 24. Qd1 Nf4 25. h4 Rd8 26. e5 Qe6 27. Nh2 Bh5 0-1

[Event "Sautron op 15th"]
[Site "Sautron"]
[Date "2015.10.23"]
[Round "5.14"]
[White "Le Marec, Laura"]
[Black "Lefebvre, Herve"]
[Result "0-1"]
[WhiteElo "1629"]
[BlackElo "2186"]
[PlyCount "42"]
[EventDate "2015.10.24"]
[EventType "swiss"]
[EventRounds "9"]
[EventCountry "FRA"]
[SourceTitle "EXT 2019"]
[Source "ChessBase"]
[SourceDate "2018.10.10"]
[SourceVersion "1"]
[SourceVersionDate "2018.10.10"]
[SourceQuality "1"]

1. b3 Nf6 2. Bb2 g6 3. Nf3 Bg7 4. e3 0-0 5. c4 c5 6. Be2 Nc6 7. 0-0 d6 8. d3 e5 9. Nc3 d5 10. Na4 Qe7 11. cxd5 Nxd5 12. Rc1 b6 13. Nd2 Bb7 14. Nc3 Rad8 15. Nxd5 Rxd5 16. Qc2 Nb4 17. Qb1 Rfd8 18. e4 R5d7 19. Bg4 Rxd3 20. a3 Nc6 21. Nc4 Rxb3 0-1

[Event "Sautron op 15th"]
[Site "Sautron"]
[Date "2015.10.23"]
[Round "8.17"]
[White "Lefebvre, Herve"]
[Black "Rabhi, Chamss Eddine"]
[Result "1-0"]
[WhiteElo "2186"]
[BlackElo "1953"]
[PlyCount "47"]
[EventDate "2015.10.24"]
[EventType "swiss"]
[EventRounds "9"]
[EventCountry "FRA"]
[SourceTitle "EXT 2019"]
[Source "ChessBase"]
[SourceDate "2018.10.10"]
[SourceVersion "1"]
[SourceVersionDate "2018.10.10"]
[SourceQuality "1"]

1. e4 e6 2. d4 d5 3. Nc3 Bb4 4. e5 Ne7 5. a3 Bxc3+ 6. bxc3 c5 7. Qg4 Nbc6 8. Bd3 Qc7 9. Qxg7 Rg8 10. Qxh7 Bd7 11. Bf4 0-0-0 12. dxc5 Qa5 13. Ne2 d4 14. Rb1 Nd5 15. Bd2 dxc3 16. Nxc3 Nxc3 17. Rb3 Nxe5 18. Be4 Bc6 19. Bxc3 Qc7 20. Bxc6 Qxc6 21. Bxe5 Qd5 22. Bd6 Qxg2 23. Rf1 Rg4 24. Qxf7 1-0

[Event "Cappelle op 30th"]
[Site "Cappelle la Grande"]
[Date "2014.03.07"]
[Round "8"]
[White "Lefebvre, Herve"]
[Black "Stojanovic, Dalibor"]
[Result "0-1"]
[WhiteElo "2307"]
[BlackElo "2501"]
[PlyCount "72"]
[EventDate "2014.03.01"]
[EventType "swiss"]
[EventRounds "9"]
[EventCountry "FRA"]
[SourceTitle "CBM 159 Extra"]
[Source "ChessBase"]
[SourceDate "2014.04.24"]
[SourceVersion "1"]
[SourceVersionDate "2014.04.24"]
[SourceQuality "1"]

1. e4 c5 2. Nf3 Nc6 3. d4 cxd4 4. Nxd4 Nf6 5. Nc3 d6 6. Bg5 Qb6 7. Nb3 e6 8. Bd3 Be7 9. 0-0 0-0 10. Qd2 a6 11. Rae1 Qd8 12. Re3 e5 13. f4 exf4 14. Rxf4 Ne5 15. Rf1 h6 16. Bf4 Ng6 17. Ree1 Nxf4 18. Qxf4 Ng4 19. Nd5 Bg5 20. Qf3 Ne5 21. Qf2 Bh4 22. g3 Bg5 23. h4 Be7 24. Nd4 g6 25. Qf4 Kg7 26. Nf5+ gxf5 27. exf5 Bf6 28. g4 Rg8 29. Re2 Nxg4 30. Rg2 h5 31. Rf3 Kf8 32. Rfg3 Be5 33. Rxg4 Rxg4 34. Qh6+ Bg7 35. Qxh5 Rxg2+ 36. Kxg2 b5 0-1

[Event "Cappelle op 30th"]
[Site "Cappelle la Grande"]
[Date "2014.03.06"]
[Round "7"]
[White "Rosenauer, Horst"]
[Black "Lefebvre, Herve"]
[Result "0-1"]
[WhiteElo "1920"]
[BlackElo "2307"]
[PlyCount "74"]
[EventDate "2014.03.01"]
[EventType "swiss"]
[EventRounds "9"]
[EventCountry "FRA"]
[SourceTitle "CBM 159 Extra"]
[Source "ChessBase"]
[SourceDate "2014.04.24"]
[SourceVersion "1"]
[SourceVersionDate "2014.04.24"]
[SourceQuality "1"]

1. e4 e6 2. d4 d5 3. Nc3 Nf6 4. e5 Nfd7 5. f4 c5 6. Nf3 Nc6 7. Be3 Be7 8. Qd2 0-0 9. Ne2 f6 10. c3 Rb8 11. Kf2 b5 12. Kg1 b4 13. h4 bxc3 14. bxc3 Qa5 15. Ng3 fxe5 16. fxe5 Rxf3 17. gxf3 cxd4 18. cxd4 Qxd2 19. Bxd2 Nxd4 20. Bf4 Nxf3+ 21. Kf2 Nxh4 22. Rd1 Ng6 23. Ne2 Rb2 24. Be3 Rxa2 25. Rd2 Rxd2 26. Bxd2 Ndxe5 27. Bh3 Nc4 28. Bc1 Bc5+ 29. Ke1 Bd7 30. Nf4 Nxf4 31. Bxf4 Kf7 32. Rf1 Ke7 33. Bg5+ Kd6 34. Rf7 Bd4 35. Be7+ Kc6 36. Bf8 Ne5 37. Rf4 Nd3+ 0-1

[Event "Cappelle op 30th"]
[Site "Cappelle la Grande"]
[Date "2014.03.02"]
[Round "2"]
[White "Lefebvre, Herve"]
[Black "Kovacevic, Aleksandar"]
[Result "0-1"]
[WhiteElo "2307"]
[BlackElo "2572"]
[PlyCount "62"]
[EventDate "2014.03.01"]
[EventType "swiss"]
[EventRounds "9"]
[EventCountry "FRA"]
[SourceTitle "CBM 159 Extra"]
[Source "ChessBase"]
[SourceDate "2014.04.24"]
[SourceVersion "1"]
[SourceVersionDate "2014.04.24"]
[SourceQuality "1"]

1. d4 Nf6 2. c4 e6 3. Nf3 b6 4. g3 Ba6 5. Qc2 c5 6. d5 exd5 7. cxd5 Bb7 8. Bg2 Nxd5 9. 0-0 Nc6 10. Rd1 Be7 11. Qf5 Nf6 12. e4 g6 13. Qf4 0-0 14. e5 Nh5 15. Qh6 f6 16. Nh4 Qe8 17. Bd5+ Kh8 18. Be4 f5 19. Bf3 Bxh4 20. gxh4 Rb8 21. Bxc6 Bxc6 22. f4 d5 23. Nd2 d4 24. Rf1 Qd8 25. Qg5 Qd5 26. Nf3 Qe4 27. Bd2 Qc2 28. Qg2 Qxb2 29. Rae1 Qxa2 30. e6 Rfe8 31. e7 Rb7 0-1

[Event "Cappelle op 29th"]
[Site "Cappelle la Grande"]
[Date "2013.03.01"]
[Round "8"]
[White "Ulybin, Mikhail"]
[Black "Lefebvre, Herve"]
[Result "1-0"]
[WhiteElo "2521"]
[BlackElo "2286"]
[PlyCount "67"]
[EventDate "2013.02.23"]
[EventType "swiss"]
[EventRounds "9"]
[EventCountry "FRA"]
[SourceTitle "CBM 153 Extra"]
[Source "ChessBase"]
[SourceDate "2013.04.22"]
[SourceVersion "1"]
[SourceVersionDate "2013.04.22"]
[SourceQuality "1"]

1. e4 c5 2. Nf3 e6 3. c3 Nf6 4. e5 Nd5 5. d4 cxd4 6. cxd4 d6 7. a3 Bd7 8. Bd3 Bc6 9. 0-0 Nd7 10. Re1 Rc8 11. b4 a6 12. Ng5 dxe5 13. Nxe6 fxe6 14. Qh5+ Ke7 15. dxe5 N5f6 16. exf6+ Nxf6 17. Qh3 Be4 18. Bxe4 Nxe4 19. Ra2 Qd5 20. Rae2 Rc6 21. Rxe4 Rxc1 22. Rxe6+ Kf7 23. Nc3 Rxe1+ 24. Rxe1 Qc6 25. Qf5+ Kg8 26. Nd5 h5 27. h4 Rh6 28. Re7 Rg6 29. Rc7 Qd6 30. Rc8 Rh6 31. Re8 g6 32. Qc8 Qxd5 33. Rxf8+ Kg7 34. Rd8 1-0

[Event "Cappelle op 29th"]
[Site "Cappelle la Grande"]
[Date "2013.02.25"]
[Round "3"]
[White "Lefebvre, Herve"]
[Black "Wirig, Anthony"]
[Result "0-1"]
[WhiteElo "2286"]
[BlackElo "2490"]
[PlyCount "48"]
[EventDate "2013.02.23"]
[EventType "swiss"]
[EventRounds "9"]
[EventCountry "FRA"]
[SourceTitle "CBM 153 Extra"]
[Source "ChessBase"]
[SourceDate "2013.04.22"]
[SourceVersion "1"]
[SourceVersionDate "2013.04.22"]
[SourceQuality "1"]

1. d4 Nf6 2. c4 g6 3. Nc3 d5 4. Nf3 Bg7 5. Bf4 0-0 6. Rc1 Be6 7. e3 c5 8. cxd5 Nxd5 9. Nxd5 Qxd5 10. Bc4 Qd7 11. Bxe6 Qxe6 12. Rxc5 Qxa2 13. Bxb8 Rfxb8 14. Qc2 b6 15. Rc4 b5 16. Rc7 a5 17. 0-0 a4 18. Ne5 Bxe5 19. dxe5 b4 20. Rxe7 Re8 21. Rb7 a3 22. Rxb4 Reb8 23. Qe4 axb2 24. e6 Qxe6 0-1

[Event "FRA-chT2 0910"]
[Site "France"]
[Date "2010.01.24"]
[Round "7.3"]
[White "Lefebvre, Herve"]
[Black "Therkildsen, Thomas"]
[Result "0-1"]
[WhiteElo "2267"]
[BlackElo "2278"]
[PlyCount "69"]
[EventDate "2009.09.27"]
[EventType "team-tourn"]
[EventRounds "11"]
[EventCountry "FRA"]
[SourceTitle "EXT 2011"]
[Source "ChessBase"]
[SourceDate "2010.11.26"]
[SourceVersion "1"]
[SourceVersionDate "2010.11.26"]
[SourceQuality "1"]

1. e4 Nf6 2. e5 Nd5 3. c4 Nb6 4. d4 d6 5. exd6 exd6 6. Nc3 Be7 7. Be3 0-0 8. Qf3 Nc6 9. 0-0-0 Be6 10. c5 Nc4 11. Bf4 Qc8 12. d5 N6e5 13. Qe2 Bf5 14. h3 Re8 15. g4 Nd3+ 16. Rxd3 Bg5 17. Bxg5 Rxe2 18. Bxe2 Bxd3 19. Bxd3 Ne5 20. Be2 dxc5 21. Nf3 Ng6 22. Bd3 Qf8 23. Rd1 a6 24. h4 h6 25. Be3 Qe7 26. h5 Ne5 27. Nxe5 Qxe5 28. Bf5 b6 29. Ne4 Rd8 30. f4 Qe8 31. g5 hxg5 32. h6 Qa4 33. Nc3 Qe8 34. Ne4 gxf4 35. Rf1 0-1

[Event "FRA-chT2 0910"]
[Site "France"]
[Date "2009.12.12"]
[Round "5.4"]
[White "Lefebvre, Herve"]
[Black "Hameau, Cyril"]
[Result "1-0"]
[WhiteElo "2256"]
[BlackElo "2028"]
[PlyCount "85"]
[EventDate "2009.09.27"]
[EventType "team-tourn"]
[EventRounds "11"]
[EventCountry "FRA"]
[SourceTitle "EXT 2011"]
[Source "ChessBase"]
[SourceDate "2010.11.26"]
[SourceVersion "1"]
[SourceVersionDate "2010.11.26"]
[SourceQuality "1"]

1. e4 d5 2. exd5 Qxd5 3. Nc3 Qd6 4. d4 Nf6 5. Nf3 a6 6. g3 Bg4 7. Bg2 Nc6 8. 0-0 0-0-0 9. d5 Nxd5 10. Nxd5 Qxd5 11. Qxd5 Rxd5 12. Ng5 Rxg5 13. Bxg5 f6 14. Be3 Ne5 15. f4 Nc4 16. Bc1 e6 17. b3 Bc5+ 18. Kh1 Nd6 19. Re1 h5 20. Be3 Bb4 21. Rf1 h4 22. gxh4 Rxh4 23. Rg1 Bf5 24. Bf3 g6 25. c4 Ne4 26. Kg2 Bd6 27. Bxe4 Bxe4+ 28. Kg3 Rh5 29. c5 Be7 30. Rad1 f5 31. h3 g5 32. fxg5 e5 33. h4 c6 34. Bf2 Bd5 35. Rde1 e4 36. Kf4 Rh8 37. g6 Kd7 38. g7 Rg8 39. Kxf5 Ke8 40. h5 Kf7 41. h6 Rd8 42. h7 Be6+ 43. Kf4 1-0

[Event "FRA-ch Accession"]
[Site "Nimes"]
[Date "2009.08.20"]
[Round "9"]
[White "Buscara, Sevan"]
[Black "Lefebvre, Herve"]
[Result "1/2-1/2"]
[WhiteElo "2225"]
[BlackElo "2279"]
[PlyCount "33"]
[EventDate "2009.08.11"]
[EventType "swiss"]
[EventRounds "9"]
[EventCountry "FRA"]
[SourceTitle "CBM 132 Extra"]
[Source "ChessBase"]
[SourceDate "2009.11.03"]
[SourceVersion "1"]
[SourceVersionDate "2009.11.03"]
[SourceQuality "1"]

1. d4 Nf6 2. Nf3 g6 3. Bf4 Bg7 4. e3 c5 5. c3 b6 6. h3 0-0 7. Nbd2 Bb7 8. Be2 d6 9. 0-0 Nbd7 10. Bh2 a6 11. Qb1 b5 12. e4 e5 13. a4 c4 14. b3 exd4 15. Bxd6 dxc3 16. Bxf8 Qxf8 17. e5 1/2-1/2

[Event "FRA-ch Accession"]
[Site "Nimes"]
[Date "2009.08.18"]
[Round "7"]
[White "Nass, Emile"]
[Black "Lefebvre, Herve"]
[Result "1-0"]
[WhiteElo "2186"]
[BlackElo "2279"]
[PlyCount "161"]
[EventDate "2009.08.11"]
[EventType "swiss"]
[EventRounds "9"]
[EventCountry "FRA"]
[SourceTitle "CBM 132 Extra"]
[Source "ChessBase"]
[SourceDate "2009.11.03"]
[SourceVersion "1"]
[SourceVersionDate "2009.11.03"]
[SourceQuality "1"]

1. d4 Nf6 2. Nf3 g6 3. g3 Bg7 4. Bg2 0-0 5. 0-0 d6 6. c4 Nc6 7. Nc3 a6 8. Re1 Rb8 9. Rb1 e5 10. dxe5 dxe5 11. Qxd8 Rxd8 12. Bg5 Be6 13. Nd2 h6 14. Bxf6 Bxf6 15. Nde4 Be7 16. Nd5 Bf8 17. Nxc7 Bxc4 18. b3 Rbc8 19. Nf6+ Kh8 20. Nfe8 Be6 21. Bxc6 bxc6 22. Nxe6 Rxe8 23. Nxf8 Rxf8 24. Red1 Rfd8 25. Rbc1 Rxd1+ 26. Rxd1 Kg7 27. e4 Kf6 28. Kf1 Ke6 29. Ke2 f5 30. Ke3 a5 31. Rc1 Kd6 32. Rc4 Rb8 33. exf5 gxf5 34. Rh4 Kd5 35. Kd3 Rb4 36. Rxh6 a4 37. Kc3 axb3 38. axb3 Re4 39. Rf6 f4 40. Rf8 fxg3 41. Rd8+ Kc5 42. hxg3 Rg4 43. Kd2 Rb4 44. Rd3 e4 45. Rc3+ Kd5 46. Ke3 Rb8 47. g4 c5 48. Ke2 Rg8 49. Rg3 Rg5 50. Ke3 Ke5 51. Rg1 Rg8 52. Rc1 Kd5 53. f3 exf3 54. Kxf3 Rb8 55. Rc3 Kd4 56. Re3 Rf8+ 57. Ke2 c4 58. bxc4 Kxc4 59. Rf3 Rg8 60. Rf4+ Kd5 61. Kf3 Ke5 62. Kg3 Rg6 63. Rf8 Ke6 64. Kh4 Ke7 65. Rf4 Ra6 66. Kh5 Rb6 67. g5 Rb1 68. Kh6 Rg1 69. g6 Rh1+ 70. Kg7 Ke6 71. Kg8 Ke7 72. g7 Rg1 73. Kh7 Rh1+ 74. Kg8 Rg1 75. Rf2 Rh1 76. Re2+ Kd7 77. Re4 Kd6 78. Kf7 Rf1+ 79. Kg6 Rg1+ 80. Kf6 Kd7 81. Re5 1-0

[Event "FRA-ch Accession"]
[Site "Nimes"]
[Date "2009.08.16"]
[Round "6"]
[White "Lefebvre, Herve"]
[Black "Ider, Borya"]
[Result "0-1"]
[WhiteElo "2279"]
[BlackElo "2234"]
[PlyCount "60"]
[EventDate "2009.08.11"]
[EventType "swiss"]
[EventRounds "9"]
[EventCountry "FRA"]
[SourceTitle "CBM 132 Extra"]
[Source "ChessBase"]
[SourceDate "2009.11.03"]
[SourceVersion "1"]
[SourceVersionDate "2009.11.03"]
[SourceQuality "1"]

1. e4 e6 2. d4 d5 3. Nd2 c5 4. Ngf3 cxd4 5. Nxd4 Nf6 6. exd5 Qxd5 7. N2f3 Bc5 8. Be2 0-0 9. 0-0 Rd8 10. c4 Qd6 11. Nb3 Qc7 12. Bf4 Bd6 13. Bxd6 Rxd6 14. Qc2 Nc6 15. Rad1 Rxd1 16. Rxd1 e5 17. h3 g6 18. Qd2 Bf5 19. Qe3 Bc2 20. Rd2 Bxb3 21. Qxb3 Re8 22. Qe3 Nh5 23. Ng5 Nf4 24. Ne4 Kg7 25. Nd6 Re6 26. c5 Nxe2+ 27. Qxe2 Nd4 28. Rxd4 Qxc5 29. Rd1 Rxd6 30. Rxd6 Qxd6 0-1